| 000 | 00397nam a22001217a 4500 | ||
|---|---|---|---|
| 082 | _a620.1123 | ||
| 100 | _aPermanent Committee for Stress Analysis | ||
| 245 | _aProceedings of the Seventh International Conference on Experimental Stress Analysis | ||
| 260 |
_aHaifa, Israel : _bTechnion, Israel Institute of Technology, _c1982. |
||
| 300 |
_a632 p. ; _b24 cm. |
||
| 500 | _aPaperback. | ||
| 942 | _cBK | ||
| 999 |
_c34174 _d34174 |
||